[Event "Bucaramanga op"]
[Site "Bucaramanga"]
[Date "2023.09.07"]
[Round "3"]
[White "Bareno Martinez, Raul Antonio"]
[Black "Rodriguez Poveda, Mariapaz"]
[Result "1-0"]
[WhiteElo "1507"]
[BlackElo "1350"]
[PlyCount "49"]
[EventDate "2023.09.06"]
[EventType "swiss"]
[EventRounds "9"]
[EventCountry "COL"]
[SourceTitle "EXT 2024"]
[Source "ChessBase"]
[SourceDate "2023.10.10"]
[SourceVersion "1"]
[SourceVersionDate "2023.10.10"]
[SourceQuality "1"]

1. e4 e5 2. f4 Qh4+ 3. g3 Qd8 4. Nf3 d5 5. exd5 e4 6. Ne5 Qxd5 7. Nc3 Qd8 8. Qe2 Nf6 9. Nxe4 Nxe4 10. Qxe4 Be7 11. d4 f6 12. Nf3 Nc6 13. Be3 g6 14. Qd3 Nb4 15. Qd2 Bf5 16. Bd3 Nxd3+ 17. cxd3 a5 18. 0-0 Bb4 19. Qc2 Bh3 20. Rf2 g5 21. a3 Be7 22. fxg5 fxg5 23. Qb3 g4 24. Ng5 Bxg5 25. Qf7# 1-0

[Event "Soacha op-B"]
[Site "Soacha"]
[Date "2021.09.11"]
[Round "7"]
[White "Bareno Martinez, Raul Antonio"]
[Black "Delgado Abril, Clemente"]
[Result "0-1"]
[WhiteElo "1603"]
[BlackElo "1607"]
[PlyCount "31"]
[EventDate "2021.09.08"]
[EventType "swiss"]
[EventRounds "9"]
[EventCountry "COL"]
[SourceTitle "CBM 204 Extra"]
[Source "ChessBase"]
[SourceDate "2021.11.30"]
[SourceVersion "1"]
[SourceVersionDate "2021.11.30"]
[SourceQuality "1"]

1. e4 c5 2. d4 e6 3. Nf3 h6 4. Bc4 Nf6 5. Nc3 a6 6. e5 Nh7 7. Be3 cxd4 8. Nxd4 Nc6 9. f4 Be7 10. 0-0 0-0 11. Qg4 Kh8 12. Rad1 Nxd4 13. Bxd4 b6 14. Bd3 Bb7 15. f5 exf5 16. Qxf5 0-1